| 000 | 00602nam a22001937a 4500 | ||
|---|---|---|---|
| 005 | 20251108165550.0 | ||
| 008 | 250721s1994 xx 000 0 ara d | ||
| 082 | 1 | 4 | _aط/610.96/مطلق |
| 100 | 1 | _aأبو مدحت، عبد الله | |
| 245 | 1 | 0 | _aالطبابه و الإطباء / |
| 264 | 1 |
_aبيروت : _bمكتبة لبنان، _c1994. |
|
| 300 | _a32ص :مص | ||
| 490 | 0 | _aالفراشه : المعارف الميسره | |
| 650 | 1 | 7 | _aالطب |
| 653 | _aاطفال مرحله متوسطه (6-9) سنوات | ||
| 700 | 1 | _aمطلق، البير | |
| 942 |
_2ddc _cBK |
||
| 999 |
_c30904 _d30904 |
||